NBA Top 10 Best Defensive Teams All-Time - Statistics

General Stats
  • This quiz has been taken 242 times
  • The average score is 6 of 15
Answer Stats
Team % Correct
Chicago Bulls 1995-96
78%
Detroit Pistons 2003-04
76%
Detroit Pistons 1988-89
69%
San Antonio Spurs 2003-04
61%
San Antonio Spurs 2004-05
61%
Boston Celtics 1958-69
46%
Boston Celtics 1964-65
46%
Boston Celtics 2007-08
43%
Golden State Warriors 2014-15
41%
San Antonio Spurs 1998-99
38%
New York Knicks 1992-93
22%
New York Knicks 1993-94
22%
Memphis Grizzlies 2012-13
6%
Chicago Bulls 2010-11
5%
Indiana Pacers 2013-14
2%
No matching quizzes found
Score Distribution
Percent of People with Each Score
Percentile by Number Answered
Your Score History
You have not taken this quiz